| 000 | 00671nam a22001577a 4500 | ||
|---|---|---|---|
| 003 | OSt | ||
| 005 | 20151108151159.0 | ||
| 008 | 151108b xxu||||| |||| 00| 0 eng d | ||
| 040 | _cRUA | ||
| 082 | _aFOR Y 2003 B129 Or.1 | ||
| 100 |
_93486 _aY, MENG LEANG. |
||
| 245 | _aThe management of kbak chai watershed for watersupply source reservation sihanouk ville, ការគ្រប់គ្រងទីជំរាលទនប់ក្បាលឆាយក្រុងព្រះសីហនុដើម្បីរក្សាប្រភពផ្គត់ផ្គងទឹក | ||
| 260 |
_aPhnom Penh _bRUA _c2003 |
||
| 300 |
_avi; 60p. _bill. _c29cm. |
||
| 942 |
_2ddc _cFOR |
||
| 999 |
_c3252 _d3252 |
||